Estadísticas para Personajes Históricos de México por Imagen #2

Haz click aquí para intentar la prueba.

Estadísticas generales

  • Esta prueba ha sido intentada 38 veces
  • La puntuación promedio es 9 de 20

Estadísticas de respuestas

Respuesta% Correcto
Diego Rivera
76%
Juana Inés de la Cruz
76%
Agustín de Iturbide
71%
José María Morelos
71%
Josefa Ortiz de Domínguez
59%
Moctezuma II
59%
Octavio Paz
53%
Vicente Guerrero
53%
Ignacio Allende
41%
La Malinche
41%
Victoriano Huerta
41%
Adela Velarde Pérez
35%
José Clemente Orozco
35%
Mariano Matamoros
35%
Miguel Domínguez
35%
Antonio de Mendoza y Pacheco
29%
José María Luis Mora
29%
Juan Aldama
24%
Elvia Carrillo Puerto
18%
Félix María Zuloaga
12%

Distribución de puntuación

Porcentaje por número respondido

Porcentaje de gente con cada puntuación

Historial de tus puntuaciones

No has intentado esta prueba.